La aplicación de las políticas públicas en los procesos de reubicación de la ciudad de Pereira: Estudio de caso ciudadela Tokio (Alcaldía de Pereira 2004-2007) (Record no. 16420)
[ view plain ]
| 000 -LEADER | |
|---|---|
| campo de control de longitud fija | 00541nam a2200133Ia 4500 |
| 008 - DATOS DE LONGITUD FIJA--INFORMACIÓN GENERAL | |
| campo de control de longitud fija | 231129s2008||||xx |||||||||||||| ||spa|| |
| 040 ## - FUENTE DE CATALOGACIÓN | |
| Lengua de catalogación | spa |
| 082 ## - NÚMERO DE LA CLASIFICACIÓN DECIMAL DEWEY | |
| Número de clasificación | 307.2 C962a |
| 100 ## - ENTRADA PRINCIPAL--NOMBRE DE PERSONA | |
| Nombre de persona | Cubillos Quintero León Felipe |
| 245 #0 - MENCIÓN DEL TÍTULO | |
| Título | La aplicación de las políticas públicas en los procesos de reubicación de la ciudad de Pereira: Estudio de caso ciudadela Tokio (Alcaldía de Pereira 2004-2007) |
| 260 ## - PUBLICACIÓN, DISTRIBUCIÓN, ETC. | |
| Fecha de publicación, distribución, etc. | 2008 |
| 264 ## - PRODUCCIÓN, PUBLICACIÓN, DISTRIBUCIÓN, FABRICACIÓN Y COPYRIGHT | |
| Producción, publicación, distribución, fabricación y copyright | Pereira Colombia : Universidad Tecnológica de Pereira. Facultad de Ciencias Ambientales |
| 942 ## - ELEMENTOS DE ENTRADA SECUNDARIOS (KOHA) | |
| Fuente del sistema de clasificación o colocación | Clasificación Decimal Dewey |
| Tipo de ítem Koha | |
| Estatus retirado | Estado de pérdida | Fuente del sistema de clasificación o colocación | Estado de daño | No para préstamo | Biblioteca de origen | Biblioteca actual | Fecha de adquisición | Total de préstamos | Signatura topográfica completa | Código de barras | Visto por última vez | Copia número | Precio de reemplazo | Tipo de ítem Koha |
|---|---|---|---|---|---|---|---|---|---|---|---|---|---|---|
| Clasificación Decimal Dewey | BIBLIOTECA PÚBLICA MUNICIPAL RAMON CORREA MEJIA | BIBLIOTECA PÚBLICA MUNICIPAL RAMON CORREA MEJIA | 09/11/2016 | 307.2 C962a | 38442 | 29/11/2023 | 1 | 29/11/2023 | Libros |